000 00713cam a22002057a 4500
999 _c330401
_d330401
001 475806
003 NUST
005 20170706125524.0
008 840530r19831965bl a 000 0 por
010 _a 83463008
040 _aDLC
_cDLC
_dDLC
050 0 0 _aMLCS 84/6594 (P)
082 _a869.24
100 1 _aAlencar, José Martiniano de,
_d1829-1877.
_93165
245 1 0 _aIracema :
_cJosé de Alencar.
260 _aIalamabad
_bThe embassy of Brazil
_c2015
300 _a113p. :
_bill. ;
_c21 cm.
490 0 _aEdições Alagadiço novo ;
_v1
906 _a7
_bcbc
_corignew
_du
_encip
_f19
_gy-gencatlg
942 _2ddc
_cBK